000 004430000a22001810004500
003 MACL
005 20151222164513.0
008 151222b xxu||||| |||| 00| 0 eng d
040 _aMACL
_cMACL
041 _aEnglish
082 _a824/GOP
100 _aGopal, S
_91425
245 _aSelected works of Jawaharlal Nehru
_bVol 4
260 _bB R Publishing Co.
_c1988
350 _a250
650 _aLetters
_922223
942 _cBK
_k824/GOP
_2ddc
999 _c40876
_d40876